| 000 | 00442pab a2200169 454500 | ||
|---|---|---|---|
| 008 | 180718b1989 xxu||||| |||| 00| 0 eng d | ||
| 100 | _aVohra, B.B. | ||
| 245 | _aFailure of the NWDB experiment: Plantations are not the answer (Document) | ||
| 260 | _c1989 | ||
| 300 | _ap.742-745. | ||
| 362 | _aJul-Sep | ||
| 650 | _aDocument | ||
| 650 | _aForests | ||
| 773 | _aIndian Journal of Public Administration | ||
| 908 | _aN | ||
| 909 | _a88946 | ||
| 999 |
_c88946 _d88946 |
||